Which Country #3 - Statistics

General Stats
  • This quiz has been taken 44 times
  • The average score is 3 of 10
Answer Stats
Question Answer % Correct
Which country won the Rugby World Cup 2019? South Africa
65%
Which country contains the most forested area? Russia
63%
Which country is the friendliest to foreign residents? Portugal
43%
Which country consumes the most coffee? Finland
38%
Which country successfully launched a satellite to Mars? India
28%
Which country has the strongest currency in 2020? Kuwait
28%
Which country has the strongest police force? England
25%
Which country has the longest life expectancy in 2020? Hong Kong
23%
Which country leads in renewable energy? Germany
10%
Which country has the strictest prison laws? Norway
3%
No matching quizzes found
Score Distribution
Percent of People with Each Score
Percentile by Number Answered
Your Score History
You have not taken this quiz